| 000 | 00435nam a2200157Ia 4500 | ||
|---|---|---|---|
| 008 | 240729s9999 xx 000 0 und d | ||
| 022 | _a2581-1142 | ||
| 245 | 0 | _aIndonesian Journal of Rheumatology | |
| 260 | _aIndonesia | ||
| 260 | _bIndonesia Rheumatology Association | ||
| 650 | _a Internal medicine | ||
| 650 | _aMedicine | ||
| 856 | _uhttps://doaj.org/toc/5103c9ac43984a5e8d737274cb1d3f79 | ||
| 942 | _2ddc | ||
| 942 | _cDOAJEJ | ||
| 999 |
_c69830 _d69830 |
||
| 945 |
_a1 _bMadushi Gamage _c1 _dMadushi Gamage |
||